Vojna pána Trumpa

Precízne naplánovaný a premyslený zásah USA v Sýrii. Možné motívy zásahu. Použitie chemických zbraní sýrskou vládou proti civilistom. Oficiálne vyjadrenie Ruska k chemickému útoku. Protest Ruska proti americkému zásahu. Záujmy Číny. Väzby USA na Rusko.

Na minha lista:
Detalhes bibliográficos
Autor principal: Záborský, Ján
Formato: Capítulo de Livro
Idioma:eslovaco
Assuntos:
Tags: Adicionar Tag
Sem tags, seja o primeiro a adicionar uma tag!

MARC

LEADER 00000naa a2200000 4500
001 0229412
005 20170420100355.1
041 0 |a slo 
044 |a SK 
245 1 0 |a Vojna pána Trumpa  |c Ján Záborský 
520 |a Precízne naplánovaný a premyslený zásah USA v Sýrii. Možné motívy zásahu. Použitie chemických zbraní sýrskou vládou proti civilistom. Oficiálne vyjadrenie Ruska k chemickému útoku. Protest Ruska proti americkému zásahu. Záujmy Číny. Väzby USA na Rusko. 
610 2 0 |a politika zahraničná 
610 2 0 |a politika medzinárodná 
610 2 0 |a vojny 
610 2 0 |a konflikty 
610 2 0 |a prezidenti 
610 2 0 |a Sýria 
610 2 0 |a USA 
610 2 0 |a Rusko 
610 2 0 |a Čína 
100 1 |a Záborský, Ján